000 00794nam a2200205 a 4500
003 0
005 20250414145835.0
008 970101s19uu xx 00 eng d
050 _aPGS HQ 784.I58
_b.H753 2004
100 _aHolmvik, Peter.
245 _aInternet habits of grade six students of Southville International School and Colleges (SY 2003-2004) /
_cPeter Holmvik.
260 _aLas PiƱas City, Philippines :
_bSouthville International School and Colleges,
_c2004.
300 _a27 pages :
_billustrations ;
_c28 cm.
504 _aIncludes bibliographical references.
650 _aInternet and children.
650 _aGrade school students
_vInternet habits.
650 _aDigital literacy
_vElementary students.
650 _aChildren
_vComputer network use.
942 _2lcc
_cPASS
999 _c96989
_d96989